| 000 | 00918nam a2200229Ia 4500 | ||
|---|---|---|---|
| 999 |
_c45414 _d45414 |
||
| 001 | 12238 | ||
| 003 | GE_BSU | ||
| 005 | 20221117154333.0 | ||
| 008 | 181216s2004en xx |||||||||||||| ||eng|| | ||
| 020 | _a9780080441726 x | ||
| 040 | _cGE_BSU | ||
| 041 | _aeng | ||
| 080 | _a338.48 T-79 | ||
| 245 |
_aTourism and Transport:Issues and Agenda For the New Millennium / _cEdit.By: Les Lumsdon; Stephen J.Page. |
||
| 264 |
_aLondon: _bRoutledge, _c2004. |
||
| 300 |
_a180 p.: _bill; maps. _c25cm |
||
| 653 | _aTourism and Transport:Issues and Agenda For the New Millennium. | ||
| 653 | _aტურიზმი და ტრანსპორტი: ახალი ათასწლეულის საკითხები და დღის წესრიგი. | ||
| 700 |
_aLumsdon, Les _eრედაქტორი _915899 |
||
| 700 |
_aPage, Stephen J. _eრედაქტორი _915900 |
||
| 942 |
_cBK _2udc |
||